| 000 | 00628nam a2200193Ia 4500 | ||
|---|---|---|---|
| 005 | 20250326143526.0 | ||
| 008 | 250326s9999 xx 000 0 und d | ||
| 020 | _a81-7829-459-1 | ||
| 037 | _aTextbook | ||
| 040 |
_aFMSL _beng _cFMSL |
||
| 041 |
_aeng _2eng |
||
| 084 |
_aSigma:8 P5 _qFMSL |
||
| 100 |
_aPolonsky M J _9748138 |
||
| 245 | 0 |
_aDesigning and managing research project : Business student's guide; Designing and Managing a Reasearch Project _cPolonsky M J; Waller D S |
|
| 260 |
_aNew Delhi _bNew Delhi, Response _c2005 |
||
| 300 | _a232p | ||
| 942 |
_cTB _hSigma:8 P5 |
||
| 999 |
_c1299949 _d1299949 |
||